000 00273nam a22001337a 4500
008 170216b xxu||||| |||| 00| 0 eng d
020 _a9780470023877
041 _aeng
080 _a61
100 _a4
101 _aSHM
245 _aVIROLOGY
_cCARTER, J
942 _2udc
_cBK
999 _c5627
_d5627